Sphinx International Airport Destinations (Giza, Egypt) - Statistics

General Stats
  • This quiz has been taken 40 times
    6 since last reset
  • The average score is 17 of 22
Answer Stats
Airline Destination % Correct
easyJet Berlin
100%
Norwegian Air Shuttle Copenhagen
100%
flydubai Dubai (International)
100%
Condor Frankfurt
100%
Pegasus Airlines Istanbul (Sabiha Gökçen)
100%
Air Cairo/flynas Jeddah
100%
Jazeera Airways Kuwait City
100%
easyJet London (Luton)
100%
Air Cairo/flynas Medina
100%
SalamAir Muscat
100%
Air Arabia Sharjah
100%
Edelweiss Air Zürich
100%
Air Arabia Abu Dhabi
67%
Air Cairo Amman (Queen Alia)
67%
Air Cairo Hurghada
67%
easyJet Milan (Malpensa)
67%
flynas Riyadh
67%
Wizz Air Rome (Fiumicino)
67%
Air Cairo Sharm El Sheikh
67%
Pegasus Airlines Antalya
33%
easyJet Geneva
33%
Wizz Air Budapest
0%
No matching quizzes found
Score Distribution
Percent of People with Each Score
Percentile by Number Answered
Your Score History
You have not taken this quiz since the last reset